01462nam a2200325 a 4500001001000000003000500010005001700015008004100032010001100073011001100084040000900095090001000104100004500114245015300159260004100312500006000353502010900413590004100522590004000563590004000603650006100643650005400704856007000758901000700828942001000835942000600845999001900851952013100870952013501001000113512CHAP20220329144358.0170727s2016 mx sm |||||||spa d a109973 a110945 cCHAP aTesis1 aPadilla Azorín, Carlos Alberto913285510aEtiología de las manchas necróticas de la corona de cristo (Euphorbia milli Ch. des Moulins)h[En línea]cpor Carlos Alberto Padilla Azorín. aChapingo, Méx. :bEl autor,c2016. aPara ver el contenido del material haga clic en la liga aTesis (Ing. Agr. Esp. en Parasitología Agrícola) -- UACH. Departamento de Parasitología Agrícola aBATCH-UPDb05c20170727lUCH01h0853 aE5765TAJb05c20170727lUCH01h0852 aE5765TAJb05c20170727lUCH01h085414aPlantas ornamentalesxEnfermedades por bacterias.98906314aXanthomonas axonopodisxIdentificación.9132856 aFinding aiduhttp://10.13.5.2/tesis/sist113512.pdfzTeclea aquí aBK cTESIS n0 c109973d109973 00104054718TESISaBCbBCd2017-07-27fTESISl0oTesisp113513-10r2019-12-31 00:00:00w2019-12-31yTESISzRecien adquirido 00102local4053708TESISaBCbBCcPA_TESISd2017-07-27fTESISl0oTesisp113513-20r2019-12-31 00:00:00tc.2w2019-12-31yTESIS